LEADER 01107nam a2200241 i 4500 001 000000168466 003 CaOOAMICUS 005 20080116000000.0 008 080116s2004 it u000 u ita u 013 $a145868 040 $aSeMil$bita 100 1 $aLeondi, Sergio.$0(OLS)http://semarc/name/50717 245 13$aLa Casa detta il Palazzo :$bstorie di uomini e di antichi mattoni: il Palazzo Mora a Pantigliate /$cSergio Leondi. 260 $aPantigliate :$bComune di Pantigliate,$ccopyr. 2004. 300 $a80 p. ;$c25 cm. 500 $aContiene : Bibliografia essenziale. - Dono del Card. Dionigi Tettamanzi. 650 4$aPantigliate - Palazzo Mora - Storia.$0(OLS)http://semarc/subject/32128 850 $aSeMil 852 $aSeMil$W1$xVenegono$y1$m3P I 49$j119531$B119531$CSeMilBibl$Z2$F133230 $81 941 1 $a5 961 $aOmaggio: Tettamanzi Card. Dionigi 996 $6245$aLa Casa detta il Palazzo :$bstorie di uomini e di antichi mattoni: il Palazzo Mora a Pantigliate$9(OLS)http://semarc/title/241014 996 $6260$aPantigliate :$bComune di Pantigliate$9(OLS)http://semarc/publisher/48757 LEADER 01034nam a2200229 i 4500 001 000000241827 003 CaOOAMICUS 005 20240418141908.0 008 150519s1823 it u000 u ita u 013 $a220732 026 $asia- hese nir- Pogl (3) 1823 (R) 040 $aSeMil$bita 100 0 $aLeonardo : da Porto Maurizio,$c.$0(OLS)http://semarc/name/8562 245 10$aOpere sacro-morali del B. Leonardo da Porto Maurizio con un compendio della sua vita. 264 1$aBergamo :$bDalla Stamperia Mazzoleni,$c1823. 300 $a[2], XXIX, [1], 292 p., [1] carta di tav. :$britr. 710 0 $aMazzoleni .$0(OLS)http://semarc/name/8563 850 $aSeMil 852 $aSeMil$W1$xVenegono$y1$m3F I 284 FA$j192173$B192173$CSeMilBibl$Z2$F202986 $8I 996 $6245$aOpere sacro-morali del B. Leonardo da Porto Maurizio con un compendio della sua vita$9(OLS)http://semarc/title/343628 996 $6264$aBergamo :$bDalla Stamperia Mazzoleni$9(OLS)http://semarc/publisher/39060